Yu-Gi-Oh! Archetypes by Picture - A - Statistics

General Stats
  • This quiz has been taken 70 times
  • The average score is 16 of 28
Answer Stats
Picture Answer % Correct
Ancient Gear
92%
Alien
90%
Abyss
81%
Armed Dragon
81%
Artifact
75%
Abyss Actor
71%
Aesir
69%
Assault Mode
69%
A.I./@Ignister
67%
Arcana Force
67%
Archfiend
60%
Albaz
58%
Adamancipator
56%
Amazoness
56%
Aroma
56%
A-to-Z
54%
Adventure Token
52%
Ancient Warrior
50%
Appliancers
50%
Altergeist
46%
Amazement
46%
Atlantean
46%
Aqua Actress
40%
Advanced Crystal Beasts
38%
Ally of Justice
33%
Allure Queen
31%
Amorphage
31%
Alchemy Beasts
8%
No matching quizzes found
Score Distribution
Percent of People with Each Score
Percentile by Number Answered
Your Score History
You have not taken this quiz